<?xml version="1.0" encoding="UTF-8"?>
<collection xmlns="http://www.loc.gov/MARC21/slim">
 <record>
  <leader>00803pam a22001938a 4500</leader>
  <controlfield tag="001">00018507</controlfield>
  <controlfield tag="005">20171026081023.0</controlfield>
  <controlfield tag="008">110427s1982                  ||||||Viesd</controlfield>
  <datafield tag="041" ind1="0" ind2="#">
   <subfield code="a">Vie</subfield>
  </datafield>
  <datafield tag="082" ind1="1" ind2="4">
   <subfield code="a">580.3</subfield>
   <subfield code="b">T550Đ</subfield>
  </datafield>
  <datafield tag="245" ind1="0" ind2="0">
   <subfield code="a">Từ điển thực vật học</subfield>
  </datafield>
  <datafield tag="260" ind1="#" ind2="#">
   <subfield code="a">H.</subfield>
   <subfield code="b">Khoa học và Kỹ thuật</subfield>
   <subfield code="c">1982</subfield>
  </datafield>
  <datafield tag="300" ind1="#" ind2="#">
   <subfield code="a">195 tr.</subfield>
   <subfield code="c">27 cm.</subfield>
  </datafield>
  <datafield tag="653" ind1="#" ind2="#">
   <subfield code="a">Thực vật</subfield>
  </datafield>
  <datafield tag="653" ind1="#" ind2="#">
   <subfield code="a">Từ điển</subfield>
  </datafield>
  <datafield tag="852" ind1="#" ind2="#">
   <subfield code="b">Kho đọc</subfield>
   <subfield code="j">KD.0003851, KD.0007277, KD.0007278, KD.0007279, KD.0007280, KD.0007281, KD.0007282, KD.0007283, KD.0007284, KD.0006657</subfield>
  </datafield>
  <datafield tag="852" ind1="#" ind2="#">
   <subfield code="j">KD.0007278</subfield>
   <subfield code="j">KD.0007279</subfield>
   <subfield code="j">KD.0007281</subfield>
   <subfield code="j">KD.0007282</subfield>
   <subfield code="j">KD.0007284</subfield>
   <subfield code="j">KD.0006657</subfield>
   <subfield code="j">KD.0007277</subfield>
   <subfield code="j">KD.0007280</subfield>
   <subfield code="j">KD.0007283</subfield>
   <subfield code="j">KD.0003851</subfield>
  </datafield>
  <datafield tag="910" ind1=" " ind2=" ">
   <subfield code="d">27/04/2011</subfield>
  </datafield>
  <datafield tag="980" ind1="#" ind2="#">
   <subfield code="a">Trung tâm Học liệu Lê Vũ Hùng, Trường Đại học Đồng Tháp</subfield>
  </datafield>
 </record>
</collection>
